| 000 | 00784 a2200205 4500 | ||
|---|---|---|---|
| 999 |
_c5510 _d5510 |
||
| 020 | _a9781473929449 (hbk) | ||
| 020 | _a9781473929456 (pbk) | ||
| 050 | 0 | 0 | _aRA418BAR2016 |
| 100 | 1 |
_aBarry, Anne-Marie, _eauthor. |
|
| 245 | 1 | 0 |
_aUnderstanding the sociology of health / _cAnne-Marie Barry and Chris Yuill. |
| 264 | 1 |
_aLos Angeles : _bSAGE, _c2016. |
|
| 300 |
_axii, 338 pages : _billustrations, map ; |
||
| 500 | _aPrevious edition: 2012. | ||
| 504 | _aIncludes bibliographical references (pages 304-325) and index. | ||
| 650 | 0 | _aSocial medicine. | |
| 700 | 1 |
_aYuill, Chris, _eauthor. |
|
| 942 |
_2lcc _cBK _h418 _iBAR _kRA |
||